000 00691nam a22002537a 4500
003 UA-OsUOA
001 61807
007 ta
008 20090716b un ||||| |||| 00| 0 ukr d
090 _a32
_bП50
942 _cMG
040 _aUA-OsUOA
_brus
_cUA-OsUOA
_dUA-OsUOA
245 _aПолития
_bЖурнал политической философии и социологии политики
_cГлав.ред. Галкин А.А.
300 _a198 с.
955 _a1
041 _arus
080 _a32
260 _aМ.
246 3 1 _aАнализ. Хроника. Прогноз.
_n
044 _aRU
962 _a1996
099 _a80454
650 7 _a32 Політика
_2UDC
999 _c343809
_d343809